000 00366pab a2200157 454500
008 180718b1998 xxu||||| |||| 00| 0 eng d
100 _aTrivedi, R.S.
245 _aGandhi - the modernity of tradition
260 _c1998
300 _ap.1-3
362 _a11 May
650 _aBiographies
650 _aGandhi, M.K.
773 _aUniversity News
909 _a37366
999 _c37366
_d37366